000 00277nam a2200097Ia 4500
001 881556
005 20250826182642.0
008 250824s9999 xx 000 0 und d
245 0 _aHUN KARTAL SAVAŞÇISI GÖKBERK İLE ALMILA
_cAHMET HALDUN TERZİOĞLU
260 _bPANAMA YAYINLARI
999 _c881556
_d881556